Statystyki dla Największe niemieckie miasta według litery - K

Kliknij tutaj aby rozwiązać quiz!

Ogólne statystyki

  • Ten quiz został rozwiązany 6 razy
  • Średni wynik to 6 z 16

Statystyki odpowiedzi

PowiatZaludnienieMiasto% Poprawnych
Hesja202.137Kassel
100%
NRW1.087.863Köln
100%
Nadrenia-Palatynat100.030Kaiserslautern
83%
Szlezwik-Holsztyn246.794Kiel
83%
Nadrenia-Palatynat114.052Koblenz
67%
Badenia-Wirtembergia312.060Karlsruhe
50%
NRW227.417Krefeld
50%
Bawaria69.151Kempten (Allgäu)
33%
Badenia-Wirtembergia84.911Konstanz
17%
NRW43.493Kaarst
0%
NRW43.023Kamen
0%
Bawaria44.398Kaufbeuren
0%
NRW66.702Kerpen
0%
Badenia-Wirtembergia40.783Kirchheim unter Teck
0%
NRW52.388Kleve
0%
NRW41.277Königswinter
0%

Rozkład punktacji

Percentyl według liczby udzielonych odpowiedzi

Procent ludzi z każdym wynikiem

Twoja historia wyników

Nie rozwiązałeś tego quizu